| 000 | 00747nmm a2200301 a 4500 | ||
|---|---|---|---|
| 003 | AR-BaBNM | ||
| 005 | 20251128211159.0 | ||
| 008 | 243020s2001 ||||||||||||||000 | spa|| | ||
| 040 | _cAR-BaBNM | ||
| 245 | 1 | 0 | _aTerror contra el Estado nacional |
| 250 | _a1ª ed. | ||
| 260 |
_aRío de Janeiro _bEIR _c2001 |
||
| 300 | 1 | _axv, 237 p. | |
| 650 | 4 | _aCONFLICTO POLITICO | |
| 650 | 4 | _aARMAS NUCLEARES | |
| 650 | 4 | _aGUERRA FRIA | |
| 650 | 4 | _aTERRORISMO | |
| 650 | 4 | _aGUERRA | |
| 650 | 4 | _aGUERRA NUCLEAR | |
| 651 | 4 | _aEstados Unidos | |
| 651 | 4 | _aIrak | |
| 651 | 4 | _aMedio Oriente | |
| 653 | 0 | _aSUBVERSION | |
| 700 | 1 |
_aCarrasco, Lorenzo _eprologuista |
|
| 700 | 1 |
_aPalacios, Silvia _eprologuista |
|
| 942 | _cBK | ||
| 998 | _cmariana | ||
| 999 |
_c18602 _d18602 |
||